000 00590nam a2200181Ia 4500
008 190422s9999 xx 000 0 und d
100 _aIrastorza, Nahikari
245 _aImmigrant Entrepreneurship and business survival during recession: evidence from a local economy/
245 _cNahikari Irastorza and Inaki Pena-Legazku.--
260 _bSage
260 _c2018
300 _apages 243-257, September 2018
440 _aThe Journal of ENTREPRENEURSHIP
_v27(2)
650 _aBusiness Survival
650 _aEntrepreneurship
650 _aImmigrant
650 _aSelf-employment
999 _c361447
_d361447